000 00687nam a2200277Ia 4500
005 20260320195721.0
008 008 262003s9999 xx 000 0 hin d
020 _a9788126726981
037 _aEBOOK
040 _aCRL
040 _bhin
040 _cCRL
041 _2hin
041 _ahin
084 _qCRL
100 _aफणीश्वरनाथ रेणु
_9159730
245 0 _aकितने चौराहे
250 _a8th
260 _bRajkamal
260 _c2013
300 _a136
856 _uhttps://ebook.indiaread.in/pdfs/209_kitane_chaurahe_by_fanishwarnath_renu.pdf
942 _cEBOOK
999 _c1716102
_d1716102